000 00338nam a2200145Ia 4500
003 OSt
005 20240318154626.0
008 170523s9999 xx 000 0 und d
020 _a978-0070528482
040 _cIIMTU MEERUT
100 _aFOROUZEN
245 0 _aBUSINESS DATA COMMANICATION
260 _bTATA MC GRAW HILL
942 _2ddc
_c02
999 _c1613
_d1613